zpět

Detail výsledku týmu

Kozlovka, Hradec Králové

Datum a čas kvízu

28.5 Celkem bodů Celkový počet nahraných bodů na tomto kvízu bez doplňovacích otázek.
9. Pořadí na kvízu Konečné umístění týmu na tomto kvízu.

Zaznamenané odpovědi

# Otázka Odpověď Body Výsledky
1. Jedna oblíbená česká služba do... Dáme jídlo 1
2. Fotografie státní tajemnice pr... Francie 0
3. Jeden český umělec se v ponděl... Michal Hrůza 0
4. Podle žebříčku zveřejněného v... Bernard Arnault 0
5. Český sport slaví diplomatický... Petr Fousek 1
6. Podstatou biotechnologií je vy... štětičkovec 0
7. Kontroverzní americká společno... A) kukuřice 0
8. Zatímco v minulosti se diabeti... Escherichia coli (E. coli) 1
9. Využití mikroorganismů k získá... kombucha 0
10. Biotechnologické téma zakončí... C 0